000 00353 a2200169 4500
001 189041
020 _a978-85-260-1520-3
040 _cMagnum
100 _aGullar, Ferreira
240 1 0 _aFerreira gullar
_lpor
245 1 0 _aFerreira gullar
300 _a118
362 0 _a2011
440 1 _aGlobal
697 _aLITERATURA JUVENIL
942 _cBK
999 _c189041
_d189041